000
00325nam a2200133Ia 4500
005
20251222155108.0
008
251222s9999||||xx |||||||||||||| ||spa||
082
_a
MEQ. 53
100
_a
UBILLUZ Rodrigo.
245
0
_a
Enfermedades del Aparato Digestivo 2da. Edic.
250
_a
2da. ed.
264
_b
Labrusa
942
_c
LIB
999
_c
37945
_d
37945